Statistiques concernant Les 20 préfectures les plus proches de Lyon

Cliquez ici pour prendre le quiz!

Statistiques générales

  • Ce quiz a été pris 150 fois
  • Le résultat moyen est 17 sur 20

Statistiques - réponses

distance (en km)ville préfecture% Correct
95Grenoble
98%
50Saint-Etienne
97%
92Valence
96%
102Annecy
94%
136Clermont Ferrand
94%
87Chambéry
92%
58Bourg en Bresse
91%
175Dijon
90%
61Macon
88%
115Privas
84%
108Le Puy en Velay
83%
165Gap
81%
201Avignon
80%
188Besançon
79%
208Aurillac
73%
146Moulins
72%
116Lons le Saunier
70%
216Digne les Bains
69%
188Nevers
69%
173Mende
67%

Distribution des résultats

Percentile par nombre de réponses

% des personnes avec chaque résultat

Votre développement - résultats

Vous n’avez pas pris ce quiz